| 000 | 01181nam a22002535i 4500 | ||
|---|---|---|---|
| 001 | 176570 | ||
| 003 | ES-MaACL | ||
| 005 | 20230906220125.0 | ||
| 008 | 110124q1950 sp 000 d spa d | ||
| 080 | _a821.134.2-21"18/19" | ||
| 100 | 1 |
_aGarcía Álvarez, Enrique. _9185668 |
|
| 245 | 1 | 3 |
_aLa alegría de la huerta : _bzarzuela en un acto dividido en tres cuadros / _coriginal y en prosa de Enrique García Álvarez y Antonio Paso . El asombro de Damasco : zarzuela en dos actos inspirada en un cuento de Las mil y una noches / por Antonio Paso y Joaquín Abati. |
| 260 |
_aMadrid : _b[s. n., _cca. 1950] ( _fArba, imp.) |
||
| 300 |
_a87 p. ; _c17 cm. |
||
| 490 | 1 |
_aBiblioteca teatral ; _v153 |
|
| 594 | _aEn port.: Estrenadas en el Teatro Eslava, la noche del 20 de enero de 1900; y en el Teatro de Apolo, el 20 de septiembre de 1916, respectivamente. | ||
| 599 | _aAntep. ilustrada. | ||
| 700 | 1 |
_aPaso, Antonio. _989421 |
|
| 700 | 1 |
_aAbati, Joaquín, _d1865-1936 _917986 |
|
| 740 | 3 | 2 | _aEl asombro de Damasco. |
| 830 | 1 |
_aBiblioteca teatral ; _v153 _9190120 |
|
| 852 | 4 |
_aES-MaACL _jE-14126 (153) _xOlim P-302 _z- Enc. con otros títulos |
|
| 999 |
_c176570 _d176570 |
||